Gist family papers, (Record no. 39882)

MARC details
000 -LEADER
fixed length control field 02879cpcaa2200541 a 4500
001 - CONTROL NUMBER
control field mm 78022889
003 - CONTROL NUMBER IDENTIFIER
control field DLC
005 - DATE AND TIME OF LATEST TRANSACTION
control field 20260227111624.0
008 - FIXED-LENGTH DATA ELEMENTS--GENERAL INFORMATION
fixed length control field 780608|||||||||||| eng
010 ## - LIBRARY OF CONGRESS CONTROL NUMBER
LC control number mm 78022889
NUCMC control number ms 68002036
040 ## - CATALOGING SOURCE
Original cataloging agency DLC
Description conventions dacs
Transcribing agency DLC
Modifying agency DLC
072 #7 - SUBJECT CATEGORY CODE
Subject category code C
Source lcmd
245 00 - TITLE STATEMENT
Title Gist family papers,
Inclusive dates 1776-1865.
300 ## - PHYSICAL DESCRIPTION
Extent 75
Type of unit items.
300 ## - PHYSICAL DESCRIPTION
Extent 1
Type of unit container.
300 ## - PHYSICAL DESCRIPTION
Extent 0.2
Type of unit linear feet.
506 0# - RESTRICTIONS ON ACCESS NOTE
Terms governing access Open to research.
520 8# - SUMMARY, ETC.
Summary, etc. Includes letters (1776-1778) of John McClure and William Sterett to Mordecai Gist relating to the Revolution in Maryland; letters (1847-1853) of W. W. H. Gist while serving in the Mexican War in New Mexico and while in California; and letters from various family members who served in the 6th Maryland Infantry and the 17th Kentucky Infantry during the Civil War relating to action in Maryland, Virginia, and Tennessee. Includes a map of military installations around the Delaware and Schuylkill Rivers at the time of the Revolution. Correspondents include Branford Gist, George W. Gist, Mary Gist, and Richard J. Gist.
533 ## - REPRODUCTION NOTE
Type of reproduction In part, photocopies.
Place of reproduction [S.l.].
545 0# - BIOGRAPHICAL OR HISTORICAL DATA
Biographical or historical data Members of the Gist family in Maryland and Missouri.
546 ## - LANGUAGE NOTE
Language note Collection material in English.
600 10 - SUBJECT ADDED ENTRY--PERSONAL NAME
Personal name Gist, Mary
Form subdivision Correspondence.
600 10 - SUBJECT ADDED ENTRY--PERSONAL NAME
Personal name Gist, Mordecai,
Dates associated with a name 1742-1792
Form subdivision Correspondence.
600 10 - SUBJECT ADDED ENTRY--PERSONAL NAME
Personal name Gist, Branford,
Dates associated with a name 1843-1863
Form subdivision Correspondence.
600 10 - SUBJECT ADDED ENTRY--PERSONAL NAME
Personal name Gist, George Washington,
Dates associated with a name 1819-1895
Form subdivision Correspondence.
600 10 - SUBJECT ADDED ENTRY--PERSONAL NAME
Personal name Gist, Richard J.
Form subdivision Correspondence.
600 10 - SUBJECT ADDED ENTRY--PERSONAL NAME
Personal name Gist, W. W. H.
Form subdivision Correspondence.
600 10 - SUBJECT ADDED ENTRY--PERSONAL NAME
Personal name McClure, John,
Dates associated with a name approximately 1730-1780
Form subdivision Correspondence.
600 10 - SUBJECT ADDED ENTRY--PERSONAL NAME
Personal name Sterett, William
Form subdivision Correspondence.
600 30 - SUBJECT ADDED ENTRY--PERSONAL NAME
Personal name Gist family.
610 10 - SUBJECT ADDED ENTRY--CORPORATE NAME
Corporate name or jurisdiction name as entry element United States.
Subordinate unit Army.
-- Kentucky Infantry Regiment, 17th (1861-1865)
610 10 - SUBJECT ADDED ENTRY--CORPORATE NAME
Corporate name or jurisdiction name as entry element United States.
Subordinate unit Army.
-- Maryland Infantry Regiment, 6th (1862-1865)
650 #0 - SUBJECT ADDED ENTRY--TOPICAL TERM
Topical term or geographic name entry element Mexican War, 1846-1848.
651 #0 - SUBJECT ADDED ENTRY--GEOGRAPHIC NAME
Geographic name California
General subdivision Description and travel.
651 #0 - SUBJECT ADDED ENTRY--GEOGRAPHIC NAME
Geographic name Delaware River Valley (N.Y.-Del. and N.J.)
General subdivision History
Chronological subdivision Revolution, 1775-1783.
651 #0 - SUBJECT ADDED ENTRY--GEOGRAPHIC NAME
Geographic name Kentucky
General subdivision History
Chronological subdivision Civil War, 1861-1865
General subdivision Campaigns.
651 #0 - SUBJECT ADDED ENTRY--GEOGRAPHIC NAME
Geographic name Maryland
General subdivision History
Chronological subdivision Civil War, 1861-1865.
651 #0 - SUBJECT ADDED ENTRY--GEOGRAPHIC NAME
Geographic name Maryland
General subdivision History
Chronological subdivision Revolution, 1775-1783.
651 #0 - SUBJECT ADDED ENTRY--GEOGRAPHIC NAME
Geographic name New Mexico
General subdivision History
Chronological subdivision To 1848.
651 #0 - SUBJECT ADDED ENTRY--GEOGRAPHIC NAME
Geographic name Pennsylvania
General subdivision History
Chronological subdivision Revolution, 1775-1783.
651 #0 - SUBJECT ADDED ENTRY--GEOGRAPHIC NAME
Geographic name Schuylkill River Valley (Pa.)
General subdivision History.
651 #0 - SUBJECT ADDED ENTRY--GEOGRAPHIC NAME
Geographic name Tennessee
General subdivision History
Chronological subdivision Civil War, 1861-1865
General subdivision Campaigns.
651 #0 - SUBJECT ADDED ENTRY--GEOGRAPHIC NAME
Geographic name United States
General subdivision History
Chronological subdivision Civil War, 1861-1865
General subdivision Campaigns.
651 #0 - SUBJECT ADDED ENTRY--GEOGRAPHIC NAME
Geographic name United States
General subdivision History
Chronological subdivision Revolution, 1775-1783.
651 #0 - SUBJECT ADDED ENTRY--GEOGRAPHIC NAME
Geographic name Virginia
General subdivision History
Chronological subdivision Civil War, 1861-1865
General subdivision Campaigns.

No items available.

Powered by Koha